Country Logic Puzzle by Scambigol #26 - Statistics

General Stats
  • This quiz has been taken 329 times
  • The average score is 38 of 113
Answers on the Map
Answers color-coded by a green-red scale on the quiz's map according to % correct below.
 
Answer Stats
Country % Correct
SENEGAL
75%
UK
75%
NORTH KOREA
70%
FRANCE
68%
INDONESIA
61%
SPAIN
59%
RUSSIA
58%
SWEDEN
57%
FINLAND
56%
ITALY
56%
ISRAEL
52%
ARGENTINA
50%
MALAYSIA
48%
MOROCCO
48%
HONDURAS
47%
COLOMBIA
46%
COSTA RICA
46%
NICARAGUA
46%
PANAMA
46%
THAILAND
46%
GUYANA
45%
MAURITANIA
45%
BRAZIL
44%
MALI
44%
SURINAME
44%
URUGUAY
44%
LUXEM BOURG
43%
MONTENEGRO
43%
SLOVENIA
43%
CROATIA
42%
BOLIVIA
41%
ECUADOR
41%
PERU
41%
BELIZE
38%
MEXICO
38%
UNITED STATES
38%
BELGIUM
37%
DENMARK
37%
GERMANY
37%
NETHERLANDS
37%
CANADA
36%
TUNISIA
36%
GABON
35%
LIBYA
35%
TURKEY
35%
GREECE
34%
NORTH MACEDONIA
34%
BURKINA FASO
33%
CAMBODIA
32%
CHAD
32%
IRAN
32%
NIGER
32%
OMAN
32%
REPUBLIC OF THE CONGO
32%
BENIN
31%
CHINA
31%
GUINEA
31%
LAOS
31%
MYANMAR
31%
NIGERIA
31%
VIETNAM
31%
AFGHANISTAN
30%
GHANA
30%
GUINEA-BISSAU
30%
INDIA
30%
IVORY COAST
30%
PAKISTAN
30%
UNITED ARAB EMIR ATES
30%
BANGL ADESH
29%
LIBERIA
29%
ROMANIA
29%
SAUDI ARABIA
29%
SERBIA
29%
SIERRA LEONE
29%
TOGO
29%
LEBANON
28%
AUSTRIA
26%
KUWAIT
26%
LIECHTENSTEIN
26%
SYRIA
26%
GEORGIA
25%
HUNGARY
25%
IRAQ
25%
JORDAN
25%
MOLDOVA
25%
AZERBAIJAN
24%
UKRAINE
24%
CZECH REPUBLIC
23%
LATVIA
23%
LITHUANIA
23%
POLAND
23%
SLOVAKIA
23%
CENTRAL AFRICAN REPUBLIC
21%
KAZAKHSTAN
21%
KYRGYZSTAN
21%
TAJIKISTAN
21%
TURKME NISTAN
21%
UGANDA
21%
NAMIBIA
19%
TANZANIA
18%
BOTSWANA
17%
DJIBOUTI
17%
DR CONGO
17%
ERITREA
17%
ETHIOPIA
17%
KENYA
17%
MOZAM BIQUE
17%
SOUTH SUDAN
17%
SUDAN
17%
ZAMBIA
17%
ZIMBABWE
16%
ESWATINI
15%
SOUTH AFRICA
15%
No matching quizzes found
Score Distribution
Percent of People with Each Score
Percentile by Number Answered
Your Score History
You have not taken this quiz